| Tag |
First Indicator |
Second Indicator |
Subfields |
| LEADER |
00000cam a2200000 i 4500 |
| 001 |
in00005779921 |
| 005 |
20260428152600.2 |
| 008 |
781208s1789 enk 000 p eng d |
| 040 |
|
|
|a Uk-ES
|b eng
|c HUV
|d OCLCG
|d UWW
|d OCLCQ
|d OCLCO
|d OCLCL
|d OCLCQ
|d TXA
|
| 035 |
|
|
|a (OCoLC)228745316
|
| 043 |
|
|
|a e-uk-en
|
| 050 |
1 |
4 |
|a C0357
|
| 050 |
|
4 |
|a PR3765.W7
|b S8 1789
|
| 082 |
|
4 |
|a 821.69
|b W848
|
| 100 |
1 |
|
|a Pindar, Peter,
|d 1738-1819.
|1 https://id.oclc.org/worldcat/entity/E39PBJyx9qX4GgbxHMpVMjqRKd
|
| 245 |
1 |
0 |
|a Subjects for painters /
|c By Peter Pindar, Esquire.
|
| 250 |
|
|
|a A new edition.
|
| 264 |
|
1 |
|a London :
|b Printed for G. Kearsley, at Johnson's Head, No. 46, Fleet Street,
|c M.DCC.LXXXIX. [1789]
|
| 300 |
|
|
|a [4 unnumbered pages, 105 pages, 3 unnumbered pages ;
|c 27 cm (4°)
|
| 336 |
|
|
|a text
|b txt
|2 rdacontent
|
| 337 |
|
|
|a unmediated
|b n
|2 rdamedia
|
| 338 |
|
|
|a volume
|b nc
|2 rdacarrier
|
| 340 |
|
|
|m 4to
|2 rdabf
|
| 500 |
|
|
|a Peter Pindar = John Wolcot.
|
| 500 |
|
|
|a In verse.
|
| 500 |
|
|
|a With a final advertisement leaf.
|
| 500 |
|
|
|a Price from imprint: Price Three Shillings and Six Pence. Entered at Stationers' Hall.
|
| 500 |
|
|
|a The Cushing Library/Rare Books copy was acquired as part of the Lois Goddard Morrison Collection of Eighteenth Century Literature.
|5 TXA
|
| 510 |
4 |
|
|a ESTC (RLIN),
|c T9592
|
| 610 |
2 |
0 |
|a Royal Academy of Arts (Great Britain)
|v Poetry.
|
| 650 |
|
0 |
|a Painting
|z England
|v Poetry.
|
| 600 |
1 |
0 |
|a Boydell, John,
|d 1720-1804
|v Poetry.
|
| 600 |
1 |
0 |
|a Macklin, Thomas
|v Poetry.
|
| 655 |
|
7 |
|a Poems
|z England
|y 18th century.
|2 rbgenr
|
| 655 |
|
7 |
|a Satires
|z England
|y 18th century.
|2 rbgenr
|
| 700 |
1 |
|
|a Kearsley, George,
|d -1790,
|e publisher.
|1 https://id.oclc.org/worldcat/entity/E39PBJvhtG6FfhmpmtHRTVWRrq
|
| 758 |
|
|
|i has work:
|a Subjects for painters (Text)
|1 https://id.oclc.org/worldcat/entity/E39PCH7xjg78KhMR6Jx8CqGwfm
|4 https://id.oclc.org/worldcat/ontology/hasWork
|
| 936 |
|
|
|a BATCHLOAD
|
| 994 |
|
|
|a Z0
|b TXA
|
| 948 |
|
|
|h HELD BY TXA - 2 OTHER HOLDINGS
|
| 999 |
f |
f |
|i ef7488bc-0a86-4e75-ae53-277ece9415f4
|s d6306125-3680-4127-b939-36115e05cd95
|t 0
|
| 952 |
f |
f |
|p noncirc
|a Texas A&M University
|b College Station
|c Cushing Memorial Library & Archives
|s cush rare
|d Cushing: Rare Books (Does not check out)
|t 0
|e PR3765.W7 S8 1789
|h Library of Congress classification
|i unmediated -- volume
|m A14853423704
|
| 998 |
f |
f |
|a PR3765.W7 S8 1789
|t 0
|l Cushing: Rare Books (Does not check out)
|